| 000 | 00000nas 2200000za 4500 |
| 001 | 9.806633 |
| 003 | CaOODSP |
| 005 | 20221107135936 |
| 007 | cr ||||||||||| |
| 008 | 151130d19491994oncqr p oss f000#a0eng|d |
| 022 | |y0318-9007 |
| 040 | |aCaOODSP|beng |
| 041 | |aeng|afre |
| 043 | |an-cn--- |
| 086 | 1 |aCS72-005-PDF |
| 245 | 00|aEstimates of labour income |h[electronic resource]. |
| 246 | 31|aEstimations du revenu du travail |fJan./Mar. 1972-Oct./Dec. 1994 |
| 260 | 2 |aOttawa : |bDominion Bureau of Statistics : |bStatistics Canada, |c[1949?-1994]. |
| 310 | |aQuarterly, |bJan./Mar. 1976-Oct./Dec. 1994 |
| 321 | |aMonthly, |bOct. 1949-Dec. 1975 |
| 362 | 0 |aVol. 3, no. 10 (Oct. 1949)-v. 48, no. 4 (Oct./Dec. 1994). |
| 500 | |aDigitized edition from print [produced by Statistics Canada]. |
| 500 | |aIssues for June 1954 and Sept. 1956 issued in the series: Memorandum. |
| 546 | |aText in English only, Oct. 1949-Oct./Dec. 1971; text in English and French, Jan./Mar. 1972- |
| 550 | |aIssued Jan. 1954-Oct. 1955, by Dominion Bureau of Statistics; Nov. 1955-June 1958, by Labour and Prices Division; July 1958-Feb. 1965, May 1965-July 1965, by Labour Division; Mar. 1965-Apr. 1965, Aug. 1965, by Labour Division, Research and Analysis Section; Sept. 1965-Oct./Dec. 1971, by Employment Section; Jan./Mar. 1972-Jan./Mar. 1973, June 1974-Oct./Dec. 1977, by Statistics Canada, Employment Section; Apr. 1973-May 1973, by Monthly Employment, Payrolls and Labour Income Section; Jan./Mar. 1978-19--, by Labour Income Section. |
| 692 | 07|2gccst|aSalaries |
| 710 | 1 |aCanada.|bStatistics Canada.|bEmployment Section. |
| 710 | 1 |aCanada. |bDominion Bureau of Statistics. |bEmployment Section. |
| 710 | 1 |aCanada. |bDominion Bureau of Statistics. |bLabour and Prices Division. |
| 710 | 1 |aCanada. |bDominion Bureau of Statistics. |cLabour Division. |
| 710 | 1 |aCanada. |bDominion Bureau of Statistics.|bLabour Division. |bResearch and Analysis Section. |
| 710 | 1 |aCanada. |bStatistics Canada. |bLabour Income Section. |
| 710 | 1 |aCanada. |bStatistics Canada. |bMonthly Employment, Payrolls and Labour Income Section. |
| 710 | 1 |aCanada. |bDominion Bureau of Statistics. |
| 776 | 0#|tEstimates of labour income. |w(CaOODSP)9.508316 |
| 780 | 00|tMonthly estimates of labour income in Canada |w(CaOODSP)9.806630 |
| 785 | 00|tEstimates of labour income, monthly estimates |w(CaOODSP)9.808163 |
| 792 | |tEstimations du revenu du travail |efre|w(CaOODSP)9.806651 |